Sestry

Bibliographic Details
Main Author: Booth, Pat, 1943-2009 (Author)
Other Authors: Lajdová, Alica, 1950-2002 (Translator)
Format: Book
Language:Slovak
English
Published: Bratislava Slovenský spisovateľ c1997
Subjects:

MARC

LEADER 00000cam a2200000 a 4500
001 vtls001310658
003 SK-MaSNL
005 20260301200027.0
008 240226s1997 xo ra 000 f slo
015 |a SNBA1998/03-01036 
020 |a 8022007978 
035 |a SNK000263012 
035 |a urn:nbn:sk:snk-amkgyd 
035 |a urn:nbn:sk:snk-am002yse 
035 |a 500432E7-D4B8-4B9B-A9B5-D81B39326E02 
040 |a SNK  |b slo  |c SNK  |e AACR2 
041 1 |a slo  |h eng 
044 |a xo  |c SK 
100 1 |a Booth, Pat,  |d 1943-2009  |4 aut  |9 215960 
240 1 0 |a The sisters  |l Slovensky 
245 1 0 |a Sestry  |c Pat Boothová ; [z anglického originálu The sisters ... preložila Alica Lajdová] 
260 |a Bratislava  |b Slovenský spisovateľ  |c c1997 
300 |a 207 s.  |c 21 cm 
655 7 |a americké romány  |2 SNKPH  |9 1174 
700 1 |a Lajdová, Alica,  |d 1950-2002  |4 trl  |9 158915 
919 |a 80-220-0797-8 
954 |a beletria cudzojazyčná (svetová)  |2 lita 
958 |a TL 
958 |a UP 
958 |a NS 
958 |a LX 
958 |a US 
968 |b ENG 
999 |c 888621  |d 890551 
952 |t P60, <03>, [BOOK], {603}  |a SNK  |b SNK  |y PREZ  |7 0  |p 17A0108991  |o snkSC 94482  |i snkKSP 11492/97  |0 0  |1 0  |4 0  |d 1997-11-18  |f 1  |l 0  |r 2025-09-12 00:00:00  |w 2026-02-24 
952 |t P60, <05>, [BOOK], {605}  |a SNK  |b SNK  |y PREZ  |7 0  |p 17A0108990  |o snkSC 94482 D1  |i snkKSP 11493/97  |0 0  |1 0  |4 0  |d 1997-11-18  |l 0  |r 2005-01-02 00:00:00  |w 2026-02-24